[Event "Ankara Baskent Univ op 6th"]
[Site "Ankara"]
[Date "2023.08.19"]
[Round "8"]
[White "Kurt, Ozgur Toprak"]
[Black "Guven, Oguz Kagan"]
[Result "0-1"]
[WhiteElo "1907"]
[BlackElo "2141"]
[PlyCount "84"]
[EventDate "2023.08.15"]
[EventType "swiss"]
[EventRounds "9"]
[EventCountry "TUR"]
[SourceTitle "CBM 215 Extra"]
[Source "ChessBase"]
[SourceDate "2023.09.30"]
[SourceVersion "1"]
[SourceVersionDate "2023.09.30"]
[SourceQuality "1"]

1. d4 Nf6 2. c4 c5 3. d5 b5 4. cxb5 a6 5. bxa6 g6 6. Nc3 Bg7 7. g3 0-0 8. Bg2 d6 9. Nf3 Bxa6 10. 0-0 Nbd7 11. Qc2 Qa5 12. Bd2 Rfb8 13. Rfb1 Qc7 14. h3 Nb6 15. e4 Nc4 16. Bc1 Nd7 17. Ne1 Qa5 18. a3 Nxb2 19. Bxb2 Rxb2 20. Qxb2 Bxc3 21. Qc1 Bxa1 22. Rxa1 Rb8 23. Bf1 Bxf1 24. Kxf1 Rb3 25. Kg2 Qa4 26. Qc2 Nb6 27. Qe2 Rxa3 28. Rxa3 Qxa3 29. Qb5 Qb4 30. Qxb4 cxb4 31. Nd3 b3 32. Nb2 f5 33. f3 Kf7 34. Kf2 fxe4 35. fxe4 Kf6 36. Ke3 Nd7 37. Kf4 g5+ 38. Ke3 h5 39. Kf3 g4+ 40. hxg4 Ne5+ 41. Ke3 Nxg4+ 42. Kf3 Ne5+ 0-1

[Event "Ankara Baskent Univ op 6th"]
[Site "Ankara"]
[Date "2023.08.17"]
[Round "4"]
[White "Kurt, Ozgur Toprak"]
[Black "Ozalp, Burak"]
[Result "1-0"]
[WhiteElo "1907"]
[BlackElo "2183"]
[PlyCount "45"]
[EventDate "2023.08.15"]
[EventType "swiss"]
[EventRounds "9"]
[EventCountry "TUR"]
[SourceTitle "CBM 215 Extra"]
[Source "ChessBase"]
[SourceDate "2023.09.30"]
[SourceVersion "1"]
[SourceVersionDate "2023.09.30"]
[SourceQuality "1"]

1. d4 d5 2. c4 e6 3. Nc3 c5 4. cxd5 exd5 5. Nf3 Nf6 6. Bg5 Be6 7. e3 c4 8. Be2 Bb4 9. 0-0 Nbd7 10. Nd2 Qa5 11. Qc2 h6 12. Bh4 0-0 13. f3 b5 14. e4 Bxc3 15. bxc3 b4 16. e5 g5 17. f4 Bg4 18. fxg5 Bxe2 19. gxf6 bxc3 20. Nb3 cxb3 21. Qxe2 Kh8 22. Qh5 Kh7 23. Bg5 1-0

[Event "EU-chT U18"]
[Site "Iasi"]
[Date "2023.07.25"]
[Round "2.3"]
[White "Tampea, Radu"]
[Black "Kurt, Ozgur Toprak"]
[Result "1-0"]
[WhiteElo "2207"]
[BlackElo "1907"]
[PlyCount "145"]
[EventDate "2023.07.24"]
[EventType "team-swiss"]
[EventRounds "7"]
[EventCountry "ROU"]
[SourceTitle "CBM 215 Extra"]
[Source "ChessBase"]
[SourceDate "2023.09.30"]
[SourceVersion "1"]
[SourceVersionDate "2023.09.30"]
[SourceQuality "1"]
[WhiteTeam "Romania Friends U18"]
[BlackTeam "Turkey U18"]
[WhiteTeamCountry "ROU"]
[BlackTeamCountry "TUR"]

1. e4 e6 2. d4 d5 3. exd5 exd5 4. Nf3 Nf6 5. Bd3 Bd6 6. Qe2+ Qe7 7. Qxe7+ Kxe7 8. 0-0 Re8 9. Re1+ Kf8 10. Rxe8+ Kxe8 11. Nc3 c6 12. Bd2 h6 13. Re1+ Kf8 14. Ne5 Nbd7 15. f4 Kg8 16. h3 Nf8 17. g4 Be6 18. Kg2 Re8 19. Ne2 Ne4 20. Bc1 f6 21. Nf3 Kf7 22. f5 Bd7 23. c4 h5 24. Bf4 hxg4 25. hxg4 Bb4 26. Rh1 g6 27. fxg6+ Kg8 28. a3 Ba5 29. cxd5 cxd5 30. Rh5 Bxg4 31. Rxd5 Bb6 32. Nh4 Ne6 33. Bh6 Bxe2 34. Bxe2 N4g5 35. Bc4 Nf4+ 36. Kg3 Nxd5 37. Bxd5+ Ne6 38. Nf5 Kh8 39. Kg4 Bc7 40. Bxb7 Rg8 41. Kh5 Nf4+ 42. Bxf4 Bxf4 43. Bd5 Rd8 44. g7+ Kh7 45. g8Q+ Rxg8 46. Bxg8+ Kxg8 47. Kg6 Bc1 48. Kxf6 Bxb2 49. a4 Kf8 50. Ke6 Ke8 51. d5 Kd8 52. Kd6 Bf6 53. Kc6 Kc8 54. Nd6+ Kd8 55. Nb7+ Kc8 56. d6 Kb8 57. d7 Ka8 58. d8Q+ Bxd8 59. Nxd8 Kb8 60. Ne6 Kc8 61. Nc5 Kb8 62. Kb5 Ka8 63. Ka6 Kb8 64. Ne6 Ka8 65. Nc7+ Kb8 66. Nb5 Ka8 67. Nxa7 Kb8 68. Kb6 Ka8 69. a5 Kb8 70. a6 Ka8 71. Nb5 Kb8 72. a7+ Ka8 73. Nc7# 1-0

[Event "TUR-ch U07/12"]
[Site "Antalya"]
[Date "2023.01.27"]
[Round "9"]
[White "Oner, Cinar"]
[Black "Kurt, Ozgur Toprak"]
[Result "0-1"]
[WhiteElo "1448"]
[BlackElo "1851"]
[PlyCount "31"]
[EventDate "2023.01.17"]
[EventType "swiss"]
[EventRounds "10"]
[EventCountry "TUR"]
[SourceTitle "EXT 2024"]
[Source "ChessBase"]
[SourceDate "2023.10.10"]
[SourceVersion "1"]
[SourceVersionDate "2023.10.10"]
[SourceQuality "1"]

1. e4 e6 2. d4 d5 3. Nc3 Nf6 4. Bg5 Be7 5. e5 Nfd7 6. Bxe7 Qxe7 7. f4 a6 8. Nf3 c5 9. dxc5 Nxc5 10. Bd3 Nc6 11. 0-0 b5 12. g3 Bb7 13. b4 Nd7 14. Qe1 Nb6 15. Qe3 g6 16. Kh1 0-1

[Event "EU-ch U10 30th"]
[Site "Antalya"]
[Date "2022.11.11"]
[Round "6"]
[White "Gabadadze, Gabriel"]
[Black "Kurt, Ozgur Toprak"]
[Result "1/2-1/2"]
[WhiteElo "1569"]
[BlackElo "1749"]
[PlyCount "144"]
[EventDate "2022.11.06"]
[EventType "swiss"]
[EventRounds "9"]
[EventCountry "TUR"]
[SourceTitle "CBM 211 Extra"]
[Source "ChessBase"]
[SourceDate "2023.01.31"]
[SourceVersion "1"]
[SourceVersionDate "2023.01.31"]
[SourceQuality "1"]

1. e4 e6 2. d4 d5 3. Nd2 c5 4. Ngf3 Nc6 5. exd5 exd5 6. Bb5 Bd6 7. dxc5 Bxc5 8. Nb3 Bd6 9. 0-0 Nge7 10. c3 Bg4 11. Re1 0-0 12. Bg5 h6 13. Bh4 Qc7 14. Bg3 Bxg3 15. hxg3 Rad8 16. Qd3 a6 17. Bxc6 Nxc6 18. Nbd4 Bxf3 19. Nxf3 Qb6 20. Re2 d4 21. cxd4 Nxd4 22. Nxd4 Rxd4 23. Qa3 Rfd8 24. Rae1 Qd6 25. Qb3 Qd5 26. Qc2 g6 27. b3 Rd2 28. Qc3 Rxe2 29. Rxe2 Qd6 30. Re1 Qd4 31. Qf3 b5 32. Qe2 Rd6 33. Qc2 Kg7 34. Rc1 h5 35. Kf1 Rd5 36. Qc3 Qxc3 37. Rxc3 Rd2 38. a4 bxa4 39. bxa4 Ra2 40. Rc4 a5 41. f4 Kf6 42. Re4 Kg7 43. Kg1 Kh6 44. Kf1 f5 45. Rd4 h4 46. gxh4 Kh5 47. Kg1 Kxh4 48. Kh2 Kg4 49. Rc4 Rf2 50. Rc5 Kxf4 51. Rxa5 Ra2 52. Rb5 Rxa4 53. Rb3 Kg4 54. Rb6 g5 55. Rb3 f4 56. Rc3 Re4 57. Rb3 Re3 58. Rb4 Re1 59. Rb3 Kf5 60. Rb8 Re6 61. Rf8+ Rf6 62. Rb8 Re6 63. Rf8+ Kg4 64. Rb8 Re2 65. Rb4 Kf5 66. Rb8 g4 67. Rf8+ Ke4 68. Rg8 g3+ 69. Kh3 Ke3 70. Re8+ Kf2 71. Rf8 Re4 72. Rxf4+ Rxf4 1/2-1/2